| 000 | 00442nam a2200157Ia 4500 | ||
|---|---|---|---|
| 003 | GCL | ||
| 008 | 140319s9999 xx 000 0 ara d | ||
| 040 |
_aGCL / _cGCL |
||
| 082 | 0 | 4 |
_aد _b050 |
| 100 | 1 | _aحسن مؤنس | |
| 245 | 1 | 0 |
_aدراسات فى ثورة 1919 (اقرا 418 ) / _cحسن مؤنس |
| 300 | _a375 | ||
| 490 |
_aاقرأ _v0 |
||
| 650 | 0 | 4 | _aمصر - تاريخ - العصر الحديث - ثورة 1919 |
| 942 |
_2ddc _cBK |
||
| 999 |
_c48641 _d48641 |
||